000 00577nam a2200193 4500
001 18787
005 20230410133012.0
008 060907n1987 dr spa
020 _a956110127k
035 _9funglode18937
041 _aES
050 1 4 _aBD 431 G433r 1987
100 _aGiannini, Humberto
245 1 3 _aLa "reflexión" cotidiana :
_bhacia una arqueología de la experiencia /
_cHumberto Giannini
260 _aSantiago de Chile :
_bEditorial Universitaria,
_c1987
300 _a198 p.
440 _aColección El Saber y la cultura
942 _2lcc
_cbk
999 _c91630
_d91630